000 00755nab a2200229 4500
003 BR-BrBNA
005 20251130001316.0
008 251130b bl.||||| |||| 00| 0 por d
040 _aBR-BrBNA
_bpor
072 _aF01 ; Q02 ; E70 ; P01
_b2322
100 _aPontes, Alécia
245 _aLavoura picante
_bEstilo no campo
500 _a6 illus.
650 _aPIMENTA
650 _aGASTRONOMIA
650 _aTURISMO RURAL
650 _aCOMERCIALIZAÇÃO
650 _aILHA DE FERNANDO DE NORONHA
773 0 _01706
_9348078
_dSão Paulo-SP Editora Três Ltda - E-mail: luizfsa@revistadinheiro.com.br 2004
_o2025-0572
_tDinheiro Rural (Brazil)
_x1807-3700
_gv. 9(100) p. 78-80; (Feb 2013)
_wBR2025005239
942 _cANA
999 _c339284
_d339284